000 00334 a2200157 4500
001 179659
020 _a
040 _cMagnum
100 _aMachado, Ana Maria
240 1 0 _aO rato roeu a roupa
_lpor
245 1 0 _aO rato roeu a roupa
362 0 _a1899
440 1 _aMelhoramentos
697 _aMAGNITO: I/ANIMAIS
942 _cBK
999 _c179659
_d179659